| 000 -LEADER |
| fixed length control field |
00627nam a22002057a 4500 |
| 005 - DATE AND TIME OF LATEST TRANSACTION |
| control field |
20221114113333.0 |
| 008 - FIXED-LENGTH DATA ELEMENTS--GENERAL INFORMATION |
| fixed length control field |
200728s2016 enk||||| |||| 00| 0 eng d |
| 020 ## - INTERNATIONAL STANDARD BOOK NUMBER |
| International Standard Book Number |
9780134056388x |
| 041 ## - LANGUAGE CODE |
| Language code of text/sound track or separate title |
eng |
| 080 ## - UNIVERSAL DECIMAL CLASSIFICATION NUMBER |
| Universal Decimal Classification number |
620.1+531 H-65 |
| 100 ## - MAIN ENTRY--PERSONAL NAME |
| Personal name |
Hibbeler, Russell C. |
| 9 (RLIN) |
9071 |
| 245 ## - TITLE STATEMENT |
| Title |
Engineering Mechanics: |
| Remainder of title |
Statics, Student |
| Statement of responsibility, etc. |
Russell C. Hibbeler. |
| 250 ## - EDITION STATEMENT |
| Edition statement |
fourteen edition |
| 264 ## - PRODUCTION, PUBLICATION, DISTRIBUTION, MANUFACTURE, AND COPYRIGHT NOTICE |
| Place of production, publication, distribution, manufacture |
Hoboken: |
| Name of producer, publisher, distributor, manufacturer |
Pearson, |
| Date of production, publication, distribution, manufacture, or copyright notice |
2016. |
| 300 ## - PHYSICAL DESCRIPTION |
| Extent |
680 p.; |
| Other physical details |
23 cm. |
| 653 ## - INDEX TERM--UNCONTROLLED |
| keyword |
საინჟინრო მექანიკა |
| 653 ## - INDEX TERM--UNCONTROLLED |
| keyword |
სტატიკა |
| 653 ## - INDEX TERM--UNCONTROLLED |
| keyword |
ინჟინერია |
| 942 ## - ADDED ENTRY ELEMENTS (KOHA) |
| Source of classification or shelving scheme |
|
| Koha item type |
წიგნი |